La Virgen de Talpa : religiosidad local, identidad y símbolo /

Na minha lista:
Detalhes bibliográficos
Autor principal: Nájera Espinoza, Mario Alberto (autor)
Formato: Livro
Idioma:espanhol
Publicado em: Zamora, México : Guadalajara, México : El Colegio de Michoacán ; Universidad de Guadalajara, 2003, c2003
Tags: Adicionar Tag
Sem tags, seja o primeiro a adicionar uma tag!

MARC

LEADER 00000nam^a2200000^a^4500
001 000562246
005 20250521000000.0
009 20260310131941.08
020 |a 970-679-116-7 
037 |a Acervo ITESO - Biblioteca 
041 |a ESP 
091 |a FGM. 01715 
100 |a Nájera Espinoza, Mario Alberto  |e (autor) 
245 1 3 |a La Virgen de Talpa :  |b religiosidad local, identidad y símbolo / 
264 4 |a Zamora, México :  |b El Colegio de Michoacán ;  |a Guadalajara, México :  |b Universidad de Guadalajara,  |c 2003, c2003 
300 |a 224 p. 
336 |a texto  |b txt  |2 rdacontenido 
337 |a sin mediación  |b n  |2 rdamedio 
338 |a volumen  |b nc  |2 rdasoporte 
649 |a XX 
910 |a Fondo Efraín González Morfín 
920 |a Impresos - Libros 
930 |a Fondos Especiales 
905 |a 130 
901 |a 0500385911  |b IT2  |c ESL  |i D90624  |u 20250521 
902 |a https://opac.biblio.iteso.mx/vufind/Record/000562246